Mathematical methods in program development
Αποθηκεύτηκε σε:
| Άλλοι συγγραφείς: | , |
|---|---|
| Μορφή: | Βιβλίο |
| Γλώσσα: | English |
| Δημοσίευση: |
Berlin :
Springer,
1997
|
| Σειρά: | NATO ASI series. Computer and systems sciences ;
; 158; Series F |
| Θέματα: | |
| Ετικέτες: |
Προσθήκη ετικέτας
Δεν υπάρχουν, Καταχωρήστε ετικέτα πρώτοι!
|
MARC
| LEADER | 00000nam a2200000 i 4500 | ||
|---|---|---|---|
| 001 | 1/82914 | ||
| 008 | 990527s1997 eng d | ||
| 020 | |a 3-540-63195-X | ||
| 035 | |l 10051209 | ||
| 040 | |a GR-MY-UA |b gre |e aacr | ||
| 041 | 0 | |a eng | |
| 082 | 0 | |a 005.10151 | |
| 245 | 1 | 0 | |a Mathematical methods in program development / |c edited by Manfred Broy, Birgit Scieder |
| 260 | |a Berlin : |b Springer, |c 1997 | ||
| 300 | |a 528 p. | ||
| 490 | 1 | |a NATO ASI series. Computer and systems sciences |v ; 158; Series F | |
| 650 | 0 | 0 | |a Computer programming. |
| 650 | 0 | 0 | |a Computer software |x Development |x Mathematical methods. |
| 700 | 1 | |a Broy, M. |d 1949- |4 edt | |
| 700 | 1 | |a Schieder, Birgit. |4 edt | |
| 830 | 0 | |a NATO ASI series. Computer and systems sciences ; |v ; 158; Series F | |
| 852 | |a INST |b RHODES |e 19990527 |h 005.10151 MAT |p 005400015125 |q 005400015125 |t BK |y 0 | ||
| 901 | |a BIBL4-1999-2 | ||
| 909 | |a Ρ |b 065162 |c 1999 | ||
| 922 | |a 4ΕΛΗ |b 199903 |d LEADER | ||